000 00435nam a2200157 i 4500
001 94780
003 ES-MaACL
005 20230906181544.0
007 t|
008 050516s1969 sp ||||1| spa d
100 1 _aLubich, Chiara.
_974499
245 1 0 _aQue todos sean uno.
_b: espiritualidad /
_cChiara Lubich.
260 _aBarcelona :
_bCiudad Nueva,
_c1969.
300 _a110 p. ;
_c118 cm.
852 _aES-MaACL
_jC-50832
_bR.70878
999 _c94780
_d94780